000 00654nam a2200193 i 4500
001 66258
003 ES-MaACL
005 20230906165600.0
007 t|
008 040130s1979 sp ||||1| spa d
100 1 _aGalbraith, John Kenneth.
_953345
245 1 0 _aIntroducción a la economía /
_cJohn Kenneth Galbraith, Nicole Salinger ; prólogo de Fabián Estapé ; [traducción de Gustav Muñoz].
260 _aBarcelona :
_bCrítica,
_c[1979]
300 _a234 p. ;
_c20 cm.
700 1 _aSalinger, Nicole.
_9101959
700 1 _aEstapé, Fabián (
_d1923-2012)
_948011
700 1 _aMuñoz, Gustau.
_984309
852 _aES-MaACL
_jA-10392
_bR.99344
999 _c66258
_d66258